Paladin Strait - Twenty Øne Piløts - Full Lyrics - Statistics

General Stats
  • This quiz has been taken 208 times
  • The average score is 252 of 278
Answer Stats
Answer % Correct
a
100%
I
100%
Paladin
99%
so,
99%
So
99%
so
99%
Strait
99%
Strait,
99%
swim
99%
the
99%
you
99%
you.
99%
be
98%
to
98%
with
98%
any
97%
I'm
97%
of
97%
on
97%
On
97%
without
97%
would
97%
it.
96%
it,
96%
my
96%
shore,
96%
can't
95%
make
95%
other
95%
shoreline
95%
shoreline,
95%
visual
95%
waitin',
95%
way
95%
alone,
94%
just
94%
makin'
94%
no
94%
glimpse
93%
point
93%
ret-
93%
return.
93%
told
93%
towards
93%
aid
92%
aid,
92%
expectations,
92%
gonna
92%
that
92%
even
91%
me.
91%
towards
90%
waiting,
90%
Clancy.
89%
expectations,
89%
Hello
89%
never
89%
Nico,
88%
past
88%
though
88%
emotional.
87%
find
87%
guess
87%
proud,
87%
time
87%
making
86%
Banditos,
85%
few,
84%
its
84%
ground
83%
in,
83%
line,
83%
out
83%
tower,
83%
fighting
82%
I'll
82%
times,
82%
while
82%
Climb
81%
thousand
81%
top
81%
where
80%
are
79%
floatation
79%
floatation,
79%
is,
79%
Standing
79%
all
78%
louder,
78%
sure
78%
"show
77%
money
76%
mouth
76%
put
76%
surrounded,
76%
take
76%
chance,
75%
chance
75%
Here's
75%
I've
75%
storm,
74%
yourself"
73%
down
71%
yell
70%
staring
68%
Water
68%
angry
67%
waves,
67%
rage,
66%
mapped
65%
route
61%
tracin'
60%
endless
55%
rips
52%
hurtling
50%
row
50%
No matching quizzes found
Score Distribution
Percent of People with Each Score
Percentile by Number Answered
Your Score History
You have not taken this quiz